Escultures antropològiques d'Eudald Serra i Güell / Museu etnològic, octubre 1991 - gener 1992 ; [textos: Carmen Huera i Loly Soriano] Carmen Huera i Loly Soriano]
ISBN:
84-7609-476-0
Descripción Física:
119 p. : il. ; 21 cm
MARC
| LEADER | 00000nam a2200000Ia 4500 | ||
|---|---|---|---|
| 001 | 14141 | ||
| 003 | BGR | ||
| 005 | 20260324175626.0 | ||
| 008 | 160829s9999 xx 000 0 cat d | ||
| 020 | |a 84-7609-476-0 | ||
| 080 | |a C-2-238 | ||
| 245 | |a Escultures antropològiques d'Eudald Serra i Güell / Museu etnològic, octubre 1991 - gener 1992 ; [textos: |b Carmen Huera i Loly Soriano] | ||
| 260 | |a Barcelona : |b Fundació Folch : |b Ajuntament de Barcelona, DL 1991 | ||
| 300 | |a 119 p. : |b il. ; |c 21 cm | ||
| 490 | |a Col·lecció petits catàlegs d'exposicions ; 64 | ||
| 590 | |a Catàleg de l'exposició. | ||
| 590 | |a Bibliografia | ||
| 650 | |a Serra i Güell, Eudald |9 35641 | ||
| 650 | |a Etnologia |9 33271 | ||
| 650 | |a Escultures |x Exposicions |9 35642 | ||
| 700 | 1 | |a Huera Cabeza, Carmen, |d ? - 2017 |9 35643 | |
| 700 | |a Soriano, Loly |9 35644 | ||
| 710 | 1 | |a Barcelona (Catalunya). |b Ajuntament |9 50981 | |
| 710 | 2 | |a Fundació Folch |9 70963 | |
| 710 | |a Museu Etnològic (Barcelona) |9 62365 | ||
| 901 | |a Arxiu | ||
| 942 | |n 1 |2 udc |c MON | ||
| 952 | |0 0 |1 0 |4 0 |6 C2238 |7 1 |9 47007 |a Arxiu |b Arxiu |d 2016-12-01 |l 0 |o C-2-238 |p 14141 |r 2016-12-01 00:00:00 |w 2016-12-01 |y ARXIU | ||
| 999 | |c 50800 |d 50800 | ||